000 004540000a22001810004500
001 1244
003 CO-MdFUSB
005 20170615143840.0
008 170615b xxu||||| |||| 00| 0 eng d
020 _a950-771-367-0
040 _cCO-MdBIC
082 0 4 _a863C En 85e1
245 1 0 _aEntre nubes de algodón
250 _aBarone, Luis Roberto
260 _aSanta fé de Bogotá : Printer Colombiana S.A.
300 _a152 Pag. / 30 cm.
942 _cLGB
999 _c48415
_d48415